000 00439nam a2200181Ia 4500
001 452
005 20260306140519.0
008 260306t2016||||xx |||||||||||||| ||spa||
041 _aESP
082 _a121
_bB85
100 _aBrunello, Mario
_eAUT
245 0 _aInterpretare :
_bdialogo tra un musicista e un giurista
260 _c2016
300 _a144 páginas :
_c20 cm.
650 _aGEN
654 _aCHU
942 _cLIB
_dJUS
_fJUS
_2ddc
_n
999 _c452
_d452